| 000 | 00955nmm a2200289 a 4500 | ||
|---|---|---|---|
| 001 | ocm0002347358 | ||
| 003 | TR-IsHL | ||
| 005 | 20201028184659.0 | ||
| 008 | 190514s2019 tu eng | ||
| 007 | cr cn | ||
| 020 | _a9786057876638 | ||
| 035 |
_a2347358 _b(N$T) |
||
| 050 | 0 | 4 |
_aPR2804.A2 _bS53 2019 |
| 090 | 0 | 4 |
_aPR2804.A2 _bS53 2019 |
| 100 | 1 | _aShakespeare, William | |
| 245 | 1 | 0 |
_aThe comedy of errors _h[electronic resource] / _cWilliam Shakespeare |
| 260 |
_aİstanbul : _be-Kitap Projesi & Cheapest Books, _c2019 |
||
| 300 | _a131 p. | ||
| 650 | 4 | _aDil ve Edebiyat | |
| 650 | 4 | _aLanguage and Literature | |
| 650 | 0 | _aİngiliz tiyatrosu | |
| 650 | 0 | _aEnglish drama | |
| 650 | 0 | _aElizabeth dönemi, 1558 - 1625 | |
| 650 | 0 | _aWilliam Shakespeare | |
| 650 | 7 |
_aDRAMA / European / English, Irish, Scottish, Welsh _2bisacsh |
|
| 856 | 4 | 0 | _uhttp://search.ebscohost.com/login.aspx?direct=true&scope=site&db=e011xww&AN=2347358 |
| 999 |
_c21114 _d21114 |
||